Manual de señalización de tránsito
Saved in:
| Corporate Author: | |
|---|---|
| Format: | Book |
| Language: | Spanish |
| Published: |
Santiago
Ministerio de Transportes y Telecomunicaciones
1982
|
| Subjects: | |
| Tags: |
Add Tag
No Tags, Be the first to tag this record!
|
MARC
| LEADER | 00000nam a2200000 a 4500 | ||
|---|---|---|---|
| 001 | UCV4537 | ||
| 003 | CL-VaPUC | ||
| 008 | 871218e19820000CL |||||||||||||||||spa|d | ||
| 082 | 0 | 4 | |a 388.312 |b MIN |2 21 |
| 110 | 2 | |a Ministerio de Transportes y Telecomunicaciones |e author |9 298760 | |
| 245 | 1 | 0 | |a Manual de señalización de tránsito |
| 300 | |a 405 p | ||
| 942 | |c BK | ||
| 945 | |d 19871218 00:00:00 | ||
| 260 | |a Santiago |b Ministerio de Transportes y Telecomunicaciones |c 1982 | ||
| 500 | |a Anexo A: Láminas -- Anexo B: Alfabetos y Números -- Anexo C: Carta de colores -- Anexo D: Semaforización | ||
| 650 | 7 | |a SEÑALES DEL TRANSITO |2 CL-VaPUC |9 260770 | |
| 650 | 7 | |a LETREROS |2 CL-VaPUC |9 260771 | |
| 651 | 7 | |a CHILE |2 CL-VaPUC |9 298761 | |
| 583 | |a last modification |c 19871218 00:00:00 |k Rodrigo Vera | ||
| 999 | |c 211312 |d 211310 | ||
| 952 | |0 0 |1 0 |4 0 |6 388_312000000000000_MIN_1982 |7 0 |8 F |9 190219 |a BIBING |b BIBING |d 2019-11-14 |i 257926K |o 388.312 MIN 1982 |p 257926K |r 2025-01-20 |w 2019-11-14 |y BK_F |k TRA | ||
| 952 | |0 0 |1 0 |4 0 |6 388_312000000000000_MIN_1982 |7 0 |8 F |9 190220 |a BIBING |b BIBING |d 2019-11-14 |i 2579278 |o 388.312 MIN 1982 |p 2579278 |r 2025-01-20 |w 2019-11-14 |y BK_F |k TRA | ||
| 952 | |0 0 |1 0 |4 0 |6 388_312000000000000_MIN_1982 |7 0 |8 F |9 190221 |a BIBING |b BIBING |d 2019-11-14 |i 3588084 |o 388.312 MIN 1982 |p 3588084 |r 2025-01-20 |w 2019-11-14 |y BK_F |k TRA | ||